Statystyki dla Autostrady w Polsce

Kliknij tutaj aby rozwiązać quiz!

Ogólne statystyki

  • Ten quiz został rozwiązany 221 razy
  • Średni wynik to 5 z 6

Statystyki odpowiedzi

Lp.PodpowiedźOznaczenie autostrady% Poprawnych
1"Autostrada Bursztynowa"A1
99%
3Najdłuższa autostrada w PolsceA4
98%
2"Autostrada Wolności"A2
97%
4Przebiega w okolicach SzczecinaA6
90%
5Przebiega w okolicach WrocławiaA8
90%
6Trzecia najkrótsza autostrada w PolsceA18
67%

Rozkład punktacji

Percentyl według liczby udzielonych odpowiedzi

Procent ludzi z każdym wynikiem

Twoja historia wyników

Nie rozwiązałeś tego quizu